000 00549nam a2200205Ia 4500
003 LK-CoDNM
005 20240930122056.0
008 010623t1921 xxu||||| |||| 00| 1 eng d
040 _aLK-CoDNM
_dLK-CoDNM
_eLK-CoDNM
041 _aeng
080 _a24
_bK32
245 _aJournal of the Dutch Burgher Union or Ceylon - 1917-1926
260 _aWellawatta
_c1921
300 _b46p. : 20 cm
490 _vVolume xv
650 _aDutch
650 _aJournal of the Dutch Burgher Union or Ceylon - 1917-1926
650 _aVolume xv
942 _cBK
999 _c90455
_d90455